00141 a2200073 450000100060000010000050000624500260001126000300003757586 a aIslam and criminality aLahorebMinhaj ul Quranc